| 000 | 00350nam a2200145Ia 4500 | ||
|---|---|---|---|
| 003 | OSt | ||
| 005 | 20240110094623.0 | ||
| 008 | 170524s9999 xx 000 0 und d | ||
| 020 | _a8185727635 | ||
| 040 | _cIIMT UNIVERSITY | ||
| 100 | _aHARI MOHAN | ||
| 245 | 0 | _aHINDI PATRKARITA AUR RASTRIYA AEKTA | |
| 260 | _bN DELHI TAKSHSHILA | ||
| 942 |
_2ddc _c01 |
||
| 999 |
_c9285 _d9285 |
||